000 00592nam a2200229Ia 4500
003 OSt
005 20221007072442.0
006 a|||||r|||| 00| 0
007 ta
008 221006b |||||||| |||| 00| 0 eng d
024 _a20,988
037 _cTextual
040 _aFLL
_cFLL
_beng
041 _2eng
_aeng
082 _aZ1:A, J8
100 _aStone J. Au.
_9690680
245 0 _aAggression and world order
260 _aLondon
_bStevens and sons ltd. England
_c1958
300 _a226p
_ccm.
942 _hZ1:A, J8
_cTEXL
_2CC
999 _c1146108
_d1146108